Pero no islas (Record no. 174666)

MARC details
000 -LEADER
campo de control de longitud fija 00629nam a2200193 4500
001 - NÚMERO DE CONTROL
campo de control 174666
003 - IDENTIFICADOR DE NÚMERO DE CONTROL
campo de control ES-MaACL
005 - FECHA Y HORA DE LA ÚLTIMA TRANSACCIÓN
campo de control 20230906215619.0
008 - DATOS DE LONGITUD FIJA--INFORMACIÓN GENERAL
campo de control de longitud fija 100514s2009 sp |||| | spa d
017 ## - NÚMERO DE COPYRIGHT O DE DEPÓSITO LEGAL
Número de copyright o de depósito legal V 4282-2009
020 ## - NÚMERO INTERNACIONAL ESTÁNDAR DEL LIBRO
Número Internacional Estándar del Libro 978-84-92587-25-4
080 ## - NÚMERO DE LA CLASIFICACIÓN DECIMAL UNIVERSAL
Número de la Clasificación Decimal Universal 821.134.2-14"19"
100 1# - ENTRADA PRINCIPAL--NOMBRE DE PERSONA
Nombre de persona Escalera Cordero, Matías.
9 (RLIN) 139828
245 10 - MENCIÓN DEL TÍTULO
Título Pero no islas
Resto del título : poesía de un hombre corriente desilusionado /
Mención de responsabilidad, etc. Matías Escalera Cordero ; [prólogo, Enrique Falcón].
260 ## - PUBLICACIÓN, DISTRIBUCIÓN, ETC.
Lugar de publicación, distribución, etc. Alzira (Valencia) :
Nombre del editor, distribuidor, etc. Germanía,
Fecha de publicación, distribución, etc. 2009.
300 ## - DESCRIPCIÓN FÍSICA
Extensión 147 p. ;
Dimensiones 23 cm.
700 1# - ENTRADA AGREGADA--NOMBRE PERSONAL
Nombre de persona Falcón, Enrique.
9 (RLIN) 48704
852 4# - LOCALIZACIÓN
Ubicación ES-MaACL
Número de control de estantería C-57210
Holdings
Estatus retirado Estado de pérdida Estado de daño No para préstamo Biblioteca de origen Biblioteca actual Ubicación en estantería Fecha de adquisición Fuente de adquisición Total de préstamos Signatura topográfica completa Código de barras Visto por última vez Precio de reemplazo Tipo de ítem Koha
        Biblioteca del Ateneo de Madrid Biblioteca del Ateneo de Madrid Depósito 2 14/05/2010     C-57210 1183372 23/02/2023 23/02/2023 Libro impreso